00856nam a2200253 u 45000010006000000050017000060080041000230350010000640350021000740400013000950410008001080820008001161000046001242450062001702500011002322600035002433000018002786500051002967000043003477000043003909420009004339990017004429520143004591253220260504072131.0960313s1972 spa  a12532 a(OCoLC)626706525 ccomduadb aspa 4a54410aBurriel Marti, Fernando4auteaut947457010aQuimica analitica cualitativa ; teoria y semimicrometodos a8. ED. aBarcelona :bParaninfo,c1972. a611 páginas 7aQuímica analítica cualitativa2lemb94107410aLucena Conde, Felipe4auteaut924329510aArribas Jimeno, Siro4auteaut9311838 cBOOK c32548d32548 00102ddc40708GENERALaBCbBCd2013-01-24iC1165692l1o544 B971qp61000002684708r2026-04-09 16:42:06s2024-04-02t1w2023-04-20yBOOK